00685nac a22001937a 4500001001000000003000900010005001700019008003400036040005400070072000800124110008600132245005600218260003600274300000900310490012200319650001400441650001000455650002600465BR8503105BR-BrBNA20240105120333.0230509b bl.|||m| |||| 00| 0 por d aBR-BrBNAbporcBiblioteca Nacional de Agricultura aN201 aEmpresa Brasileira de Assistencia Tecnica e Extensao Rural, Brasilia, DF (Brasil)1 aSuinos; bebedouro movel tipo chupeta (para leitoes)3 aBrasilia, DF (Brasil): c1985.  a4 p. aFichario de Tecnologias Adaptadas - Empresa Brasileira de Assistencia Tecnica e Extensao Rural (Brazil)vv. 22(516)x aBEBEDOURO aSUINO aTECNOLOGIA APROPRIADA